[Event "Wch U16"]
[Site "Porto Carras"]
[Date "2010.10.22"]
[Round "3"]
[White "Kosmas Lekkas, Dimitrios"]
[Black "Narayanan, Srinath"]
[Result "1/2-1/2"]
[WhiteElo "2137"]
[BlackElo "2383"]
[PlyCount "83"]
[EventDate "2010.10.20"]
[EventType "swiss"]
[EventRounds "11"]
[EventCountry "GRE"]
[SourceTitle "EXT 2011"]
[Source "ChessBase"]
[SourceDate "2010.11.26"]
[SourceVersion "1"]
[SourceVersionDate "2010.11.26"]
[SourceQuality "1"]

1. d4 Nf6 2. c4 e6 3. Nc3 Bb4 4. Qc2 0-0 5. a3 Bxc3+ 6. Qxc3 b6 7. Bg5 Bb7 8. f3 h6 9. Bh4 d5 10. e3 Nbd7 11. cxd5 Nxd5 12. Bxd8 Nxc3 13. Bh4 Nd5 14. Bf2 c5 15. e4 Ne7 16. Bb5 Bc6 17. Bxc6 Nxc6 18. Ne2 cxd4 19. Nxd4 Nce5 20. 0-0-0 Nc5 21. Kb1 Ncd3 22. Bg3 Rfd8 23. Bxe5 Nxe5 24. b3 Rd7 25. Ne2 Rad8 26. Rxd7 Rxd7 27. Kc2 Ng6 28. Rf1 f5 29. exf5 exf5 30. f4 Ne7 31. Nc3 Rc7 32. Rd1 Ng6 33. g3 h5 34. Rd6 Kf7 35. Kd2 Nf8 36. Nd5 Rc5 37. b4 Rc8 38. Ne3 g6 39. Nd5 Rc4 40. Ne3 Rc8 41. Nd5 Rc4 42. Ne3 1/2-1/2

[Event "GRE-chT Div-A 38th"]
[Site "Peristeri"]
[Date "2010.07.07"]
[Round "3"]
[White "Kosmas Lekkas, Dimitrios"]
[Black "Balokas, Dimitrios"]
[Result "1/2-1/2"]
[WhiteElo "2125"]
[BlackElo "1997"]
[PlyCount "102"]
[EventDate "2010.07.05"]
[EventType "team-swiss"]
[EventRounds "7"]
[EventCountry "GRE"]
[SourceTitle "CBM 137 Extra"]
[Source "ChessBase"]
[SourceDate "2010.09.01"]
[SourceVersion "1"]
[SourceVersionDate "2010.09.01"]
[SourceQuality "1"]

1. d4 Nf6 2. c4 e6 3. Nc3 Bb4 4. Qc2 c5 5. dxc5 0-0 6. a3 Bxc5 7. Nf3 Nc6 8. Bf4 e5 9. Bg5 Nd4 10. Nxd4 Bxd4 11. e3 Bxc3+ 12. Qxc3 d6 13. Rd1 Ne4 14. Bxd8 Nxc3 15. Rxd6 Ne4 16. Rd1 Bg4 17. f3 Raxd8 18. Be2 Rxd1+ 19. Bxd1 Bf5 20. fxe4 Bxe4 21. Bf3 Bxf3 22. gxf3 Rc8 23. b3 b5 24. Ke2 bxc4 25. Rc1 Kf8 26. bxc4 Rb8 27. c5 Ke7 28. Rc4 Kd7 29. Ra4 Rb2+ 30. Kd3 Rb3+ 31. Ke4 f5+ 32. Kxe5 Rxe3+ 33. Kf4 Re2 34. Rxa7+ Kc6 35. Rxg7 Rxh2 36. Kxf5 Kxc5 37. f4 Kd5 38. Rd7+ Kc6 39. Rf7 Kd5 40. Kf6 Ke4 41. f5 Kf4 42. Rb7 Rh6+ 43. Kg7 Kg5 44. a4 Rf6 45. Rf7 Ra6 46. Kxh7 Rxa4 47. Kg7 Rh4 48. Rf8 Rh6 49. Rf7 Rh4 50. Rf8 Rh6 51. Ra8 Rf6 1/2-1/2

[Event "Nikaia Fysiolatriko op 08th"]
[Site "Nikaia"]
[Date "2010.06.23"]
[Round "8"]
[White "Kosmas Lekkas, Dimitrios"]
[Black "Tepelenis, Nikolaos"]
[Result "0-1"]
[WhiteElo "2159"]
[BlackElo "2265"]
[PlyCount "66"]
[EventDate "2010.06.17"]
[EventType "swiss"]
[EventRounds "9"]
[EventCountry "GRE"]
[SourceTitle "EXT 2011"]
[Source "ChessBase"]
[SourceDate "2010.11.26"]
[SourceVersion "1"]
[SourceVersionDate "2010.11.26"]
[SourceQuality "1"]

1. d4 d5 2. c4 e6 3. Nf3 Nf6 4. Nc3 c5 5. cxd5 Nxd5 6. e4 Nxc3 7. bxc3 cxd4 8. cxd4 Bb4+ 9. Bd2 Bxd2+ 10. Qxd2 0-0 11. Bc4 Nc6 12. 0-0 b6 13. Rad1 Bb7 14. Rfe1 Rc8 15. Qf4 Qf6 16. Qxf6 gxf6 17. d5 Na5 18. Bb5 exd5 19. exd5 Rc5 20. a4 Rxd5 21. Rxd5 Bxd5 22. Re7 Nb7 23. Nh4 a5 24. Nf5 Nc5 25. Re3 Be6 26. Ng3 Rd8 27. h3 Rd5 28. Ne4 Nxe4 29. Rxe4 Bd7 30. Bxd7 Rxd7 31. Rf4 Kg7 32. Rf5 Rd4 33. Rb5 Rb4 0-1

[Event "Nikaia Fysiolatriko op 08th"]
[Site "Nikaia"]
[Date "2010.06.22"]
[Round "7"]
[White "Zygouris, Hristos"]
[Black "Kosmas Lekkas, Dimitrios"]
[Result "0-1"]
[WhiteElo "2243"]
[BlackElo "2159"]
[PlyCount "112"]
[EventDate "2010.06.17"]
[EventType "swiss"]
[EventRounds "9"]
[EventCountry "GRE"]
[SourceTitle "EXT 2011"]
[Source "ChessBase"]
[SourceDate "2010.11.26"]
[SourceVersion "1"]
[SourceVersionDate "2010.11.26"]
[SourceQuality "1"]

1. e4 c5 2. d3 Nc6 3. f4 d6 4. Nf3 g6 5. Be2 Bg7 6. 0-0 e6 7. Qe1 Nge7 8. c3 f5 9. Na3 b6 10. Qh4 Ba6 11. e5 d5 12. Nc2 h6 13. Rd1 Qc7 14. b4 Kf7 15. a4 Nb8 16. Ba3 Re8 17. Qf2 Nd7 18. Rac1 Bb7 19. h4 Rac8 20. b5 a5 21. h5 g5 22. fxg5 Nxe5 23. Nxe5+ Bxe5 24. g6+ Kg8 25. d4 Bh2+ 26. Kh1 Bg3 27. Qf3 f4 28. Bd3 c4 29. Be2 Nf5 30. Qg4 Rcd8 31. Qh3 Nh4 32. Bg4 e5 33. Ne3 exd4 34. Be6+ Kh8 35. Nf5 Nxf5 36. Qxf5 d3 37. Bf7 Qe5 38. g7+ Qxg7 39. Bxe8 Rxe8 40. Bd6 Bc8 41. Qxd5 Qf6 42. Qd4 Qxd4 43. cxd4 Bg4 44. Be5+ Rxe5 45. dxe5 Bxd1 46. Rxd1 Bf2 47. g4 Be3 48. g5 hxg5 49. e6 Kg7 50. h6+ Kf8 51. Kg2 g4 52. Re1 f3+ 53. Kg3 Bxh6 54. Kxg4 d2 55. Rh1 c3 56. Kf5 c2 0-1